| 000 | 01042nam a2200241Ii 4500 | ||
|---|---|---|---|
| 003 | JO-AjNU | ||
| 008 | 230605s9999||||xx |||||||||||||| ||und|| | ||
| 017 | _a1994/11017 | ||
| 020 | _a977-5452-02-3 | ||
| 040 |
_aJO-AjNU _bara _erda _cJO-AjNU |
||
| 041 | _aara | ||
| 050 | 1 | 4 | _aHD62.15.S52 1995 |
| 100 | 3 |
_aتاليف الشبراوي، عادل, _eauthor _957219 |
|
| 245 | 0 | 0 | _aالدليل العلمي لتطبيق ادارة الجودة الشاملة: آيزو9000 - المقارنة المرجعية = TQM ISO 9000 Bench Marking |
| 250 | _aط1 | ||
| 264 | 3 | 1 | _aالقاهرة: الشركة العربية للاعلام العلمي(شعاع)، 1995 |
| 300 |
_a152ص _bيحتوي على ببلوغرافية من ص151-152ص |
||
| 336 |
_atext _btxt _2rdacontent |
||
| 337 |
_aunmediated _bn _2rdamedia |
||
| 338 |
_avolume _bnc _2rdacarrier |
||
| 490 | 0 | _aسلسلة مكتبة رجل الاعمال ،2 | |
| 650 | 4 |
_aادارة الجودة الشاملة - مواصفات الايزو 9000- ادارة الانتاج _957220 |
|
| 999 |
_aA25627 _c29195 _d29195 |
||